000 00294nam a22001337a 4500
008 170619b xxu||||| |||| 00| 0 eng d
020 _a0486227461
041 _aeng
080 _a94
100 _a94
101 _aSHH
245 _aCONFUCIUS CONFUCIAN ANALECTS
_cLEGGE.J
942 _2udc
_cBK
999 _c18198
_d18198